000 00470pab a2200157 454500
008 180718b2013 xxu||||| |||| 00| 0 eng d
100 _aCabestan, Jean-Pierre
245 _aThe Shanghai cooperation organization, central asia the great powers, and introduction: one bed, different dreams?
260 _c2013
300 _ap.423-435.
362 _aMay-Jun
650 _aShanghai cooperation organization
773 _aAsian Survey
908 _aN
909 _a100858
999 _c100857
_d100857